Network security (Record no. 5041)

MARC details
000 -LEADER
fixed length control field 00526nam a2200193Ia 4500
003 - CONTROL NUMBER IDENTIFIER
control field SGT
020 ## - INTERNATIONAL STANDARD BOOK NUMBER
International Standard Book Number 9788120322134
082 ## - DEWEY DECIMAL CLASSIFICATION NUMBER
Classification number 5.8
Item number KAU
100 ## - MAIN ENTRY--PERSONAL NAME
Personal name Kaufman,Charlie
245 ## - TITLE STATEMENT
Title Network security
250 ## - EDITION STATEMENT
Edition statement 2nd Ed.
260 ## - PUBLICATION, DISTRIBUTION, ETC. (IMPRINT)
Name of publisher, distributor, etc PHI Learning Private Limited
Place of publication, distribution, etc New Delhi
Year of Publication 2002
300 ## - PAGE DESCRIPTION
No. of Pages 713p.
650 ## - SUBJECT ADDED ENTRY--TOPICAL TERM
Topical term or geographic name as entry element COMPUTER SCIENCE
653 ## - KEYWORDS--INDEX TERM
Keyword term SECRET KEY CRYPTOGRAPHY,MODES OF OPERATION, HASHES AND MESSAGE DIGESTS , PUBLIC KEY ALGORITHMS
700 ## - ADDED ENTRY--PERSONAL NAME
Personal name Perlman,Radia
700 ## - ADDED ENTRY--PERSONAL NAME
Personal name Speciner,Mike
942 ## - ADDED ENTRY ELEMENTS (KOHA)
Source of classification or shelving scheme Dewey Decimal Classification
Koha item type Books
Holdings
Withdrawn status Lost status Source of classification or shelving scheme Damaged status Not for loan Home library Current library Date acquired SGTU Total Checkouts Full call number Accession No. (Barcode) Date last seen Date last borrowed Bill Date Koha item type Use restrictions Shelving location
    Dewey Decimal Classification     SGT Engineering Library SGT Engineering Library 14/05/2010 SGTU 1 5.8 KAU FE2351 16/08/2019 16/08/2019 09/02/2015 Books    
    Dewey Decimal Classification     SGT Engineering Library SGT Engineering Library 14/05/2010 SGTU   5.8 KAU FE2352 09/02/2015   09/02/2015 Books    
    Dewey Decimal Classification   Not For Loan SGT Engineering Library SGT Engineering Library 14/05/2010 SGTU   5.8 KAU FE2353 09/02/2015   09/02/2015 Books Restricted Access Reference Book
    Dewey Decimal Classification     SGT Engineering Library SGT Engineering Library 06/09/2012 SGTU 1 5.8 KAU FE5460 21/08/2019 21/08/2019 09/02/2015 Books    
    Dewey Decimal Classification     SGT Engineering Library SGT Engineering Library 06/09/2012 SGTU 1 5.8 KAU FE5461 09/02/2026 27/01/2026 09/02/2015 Books